Quick Pick: Animal by Species II Quiz Stats

 Plays Quiz Updated Nov 16, 2017

Challenge
Share
Tweet
Embed
Score 0/10 Timer 01:30
1 Play Today
% Correct
crocodile
87.8%
shark
85.7%
monkey
83%
ant
80.2%
owl
74.8%
kangaroo
63.1%
hyena
60.9%
sponge
60.7%
gecko
47.4%
flamingo
46.5%

Today's Daily Dose

You're not logged in!

Compare scores with friends on all Sporcle quizzes.
OR
Log In

You Might Also Like...

Show Comments

Extras

Top Quizzes Today


Score Distribution

Your Account Isn't Verified!

In order to create a playlist on Sporcle, you need to verify the email address you used during registration. Go to your Sporcle Settings to finish the process.

Report this User

Report this user for behavior that violates our Community Guidelines.

Details: